| 000 | 00698nam a2200241 a 4500 | ||
|---|---|---|---|
| 001 | BRCA_5311 | ||
| 005 | 20190320205028.0 | ||
| 008 | 021210s1932----au-a######---#000-0#ger-# | ||
| 041 | _ager | ||
| 044 | _aau | ||
| 050 | 4 |
_aND673.B7 _b.G58 1932 |
|
| 100 | 1 |
_aGlück, Gustav _913624 |
|
| 245 | 1 | 0 |
_aBruegels Gemälde _cvon Gustav Glück. |
| 260 |
_aViena, Austria _bAnton Schroll _cc1932 |
||
| 300 |
_a94 p. _bil. (algunas a color), 41 láminas _c30 cm. |
||
| 500 | _aIncluye índice de ilustraciones | ||
| 500 | _aE89 | ||
| 600 | 1 | 4 |
_aBruegel, Pieter _cEl viejo _d1525-1569 _913436 |
| 650 | 1 | 4 |
_aPintores flamencos _97571 |
| 650 | 1 | 4 |
_aPinturas flamencas _913625 |
| 902 | _aGFM | ||
| 942 |
_2lcc _cB |
||
| 999 |
_c5005 _d5005 |
||